000 00910nam a22003017a 4500
001 000450
003 DO-SdBNP
005 20230510122517.0
007 000450
008 160831b 2006 mx ||||| |||| 00| 0 spa d
020 _a9789707311404
040 _aBPMSU
_bspa
_cBPMSU
050 _a
082 4 _a158.1
_bV297c 2006
_222
100 1 _aVargas, Gaby,
245 1 0 _aCómo triunfar en el trabajo /
_cGaby Vargas.
260 _aMexico :
_bPunto de Lectura,
_c2006
300 _a355 p. :
_bil. ;
_c19 cm.
490 0 _aPunto de lectura
_v143/1
500 _aLa biblioteca posee la quinta reimpresión: enero de 2009 y la séptima reimpresión: febrero de 2011.
500 _aIncluye datos de la autora.
590 _6Inventariado, 2023/VM
650 4 _aÉxito
650 4 _aPsicología.
650 4 _aPersonalidad
910 _aLOPEREZ/ VMateo V. Control de calidad (BPMSU)
942 _2ddc
_cBK
999 _c11245
_d11245